000 00354nam a22001337a 4500
003 OSt
005 20251029085026.0
008 251029b |||||||| |||| 00| 0 eng d
040 _cBROADMAN PRESS
050 _aBS 580 .H63 1958
245 _aMOSES' MIGHTY MEN
_cHOBBS, HERSCHEL H
260 _aNASHVILLE, TENNESSEE
_bBROADMAN PRESS
_c1958
942 _2lcc
_cBK
_n0
999 _c9720
_d9720